000 00735nam a2200241 i 4500
001 10466
003 ES-MaACL
005 20230906145908.0
008 950627s1994 sp ||||1| spa d
020 _a84-339-1383-2
080 _a791.43
080 _a86-92"19"
100 1 _aGuarner, José Luis.
_960339
245 1 0 _aAutorretrato del cronista /
_cJosé Luis Guarner ; selección de textos de Lluís Bonet Mojica ... [et al.].
260 _aBarcelona :
_bAnagrama,
_c1994.
300 _a420 p. ;
_c22 cm.
490 1 _aArgumentos ;
_v153
650 1 4 _aCine-
_vCríticas.
_911020
700 1 _aBonet Mojica, Lluís.
_930133
830 1 _aArgumentos ;
_v153
_9178418
852 _aES-MaACL
_jL-17881
999 _c10466
_d10466